000 00704nam a2200265Ia 4500
005 20260121170326.0
008 008 260114s9999 xx 000 0 eng d
020 _a9783319706443
037 _aEBOOK
040 _aCRL
040 _beng
040 _cCRL
041 _2eng
041 _aeng
084 _qCRL
100 _aChristopher M. Schulte, Christine Marmé Thompson
_91062512
245 0 _aCommunities of Practice: Art, Play, and Aesthetics in Early Childhood
260 _bSpringer
260 _bSpringer
260 _c2018
856 _uhttps://link.springer.com/openurl?genre=book&isbn=978-3-319-70644-3
942 _cEBOOK
999 _c1628241
_d1628241